00586nam a2200205Ia 4500003000400000005001700004008004100021020001700062040001800079041000800097082002000105100001500125245005300140250001200193260005300205300002700258650002500285650004700310650002300357OSt20260303154255.0210716s2010 xx 000 0 und d a978110740078 cAIMIT LIBRARY aeng a410.2 21bURPE aUr, Penny. aTeaching listening comprehension /cBy Penny Ur. a1st ed. aNew Delhi :bCambridge University Press ,c2010. ax,172p. ;bPBc23.3 cm aReal- life listening aListening to english as a foreign language aPlanning exercises